000 00671nam a22001935i 4500
001 162774
003 ES-MaACL
005 20250801092242.0
008 990311s1808 fr |||| | fre d
040 _aCCPB | B
_bspa
_cCCPB | B
100 1 _aQuatremère, Étienne.
_9131508
245 1 0 _aRecherches critiques et historiques sur la langue et la littérature de l'Égypte /
_cpar Étienne Quatremère.
260 _aParis :
_b[s.n.],
_c1808 (
_fImprimerie Impériale)
300 _aXII, 307 p. ;
_c23 cm.
650 4 _aLengua egipcia.
_914113
650 7 _aLiteratura egipcia
_2embne
_9136421
852 _aES-MaACL
_jG-11857
_z-- Enc. hol.
999 _c162774
_d162774